1265 1537 1151 1828 1085 1233 1222 1858 1658 1741 1851 1344 1421 1253 1296 1640 1152 1365 1670 1370 1690 1646 1773 1239 1679 1088 1391 1629 1214 1077 1281 1072 1895 1739 1629 1319 1711 1231 1468 1915 1451 1676 1436 1654 1187 1160 1449 1904 1670 1908 1751 1618 1191 1946 1320 1807 1863 1613 1788 1949 1999 1444 1340 1792 1990 1308 1927 1202 1776 1778 1008 1868 1066 1169 1748 1829 1226 1194 1619 1577 1685 1349 1812 1729 1700 1684 1090 1578 1032 1009 1866 1527 1110 1658 1708 1338 1119 1003 1238 BCNSPRNW ULIB Ver.6.0+V

เปลี่ยนเป็นภาษาไทย

Change to English
 แสดงรายละเอียดบรรณานุกรม
  กลับหน้าหลัก

Brief Record : Get Marc (ISO 2709) : E-mail record : QR code < ปิดหน้าต่าง
LEADER : 00000nam 2200000uu 4500
001    13399114734
003     ULIB
008    120508s2548||||th 000 0 tha d
099    ^aวจ.WY18.5^bอ555ค
100 0  ^aอัมพร ยานะ
245 00 ^aความพึงพอใจของผู้ใช้บัณฑิตหลักสูตรพยาบาลศาสตร์บัณฑิต วิทยาลัยพยาบาลบรมราชชนนี พะเยา/^cอัมพร ยานะ, วัชรี ไชยจันดี และ บำเพ็ญ คำดี
260    ^aพะเยา :^bวิทยาลัยพยาบาลบรมราชชนนี พะเยา,^c2548
300    ^a89 หน้า :^bตาราง
500    ^aรายงานการวิจัย
650  7 ^aผู้สำเร็จการศึกษาพยาบาล^xวิจัย
650  7 ^aความพึงพอใจ^xวิจัย
700    ^aวัชรี ไชยนจันดี
700    ^aบำเพ็ญ คำดี
710 2  ^aวิทยาลัยพยาบาลบรมราชชนนี. ^bพะเยา
945    ^p0^l0^i031737
995    ^a เกษร
999    ^aใช้งานได้ทุกระบบ
รายการนี้ยังไม่มีแท็ก
คุณยังไม่ได้ล็อกอิน คุณสามารถมีกิจกรรมร่วมกับเว็บไซต์ได้ แต่ต้องล็อกอินก่อน ::
  ล็อกอิน

รายการสื่อสารสนเทศ

ลำดับที่ ประเภท เลขเรียก/บาร์โค้ด สถานที่ สถานะ
1. วิทยาศาสตร์การแพทย์ และสุขภาพ
วิทยาศาสตร์การแพทย์ และสุขภาพ
วจ.WY18.5 อ555ค  
  Barcode: 031737
ห้องสมุดวิทยาเขตสวรรค์ประชารักษ์
►วิจัย
บนชั้น

รายการใกล้เคียง
    ผู้แต่ง [อัมพร ยานะ]

BibComment


ยังไม่เคยถูกคอมเมนท์

คอมเมนท์ทรัพยากรรายการนี้
  คอมเมนท์: ความพึงพอใจของผู..


 Copyright 2026. Bcnsprnw @Library